Transcendent Unity of Religions. (Record no. 6357)

MARC details
000 -LEADER
fixed length control field 00619nam a2200241 a 4500
020 ## - INTERNATIONAL STANDARD BOOK NUMBER
ISBN 0835676
082 00 - DEWEY DECIMAL CLASSIFICATION NUMBER
Classification number 291.211
Author Cutter SCH1
100 ## - MAIN ENTRY--AUTHOR NAME
Author name Schuon, Frithjof
245 ## - TITLE STATEMENT
Title Transcendent Unity of Religions.
260 ## - PUBLICATION, DISTRIBUTION, ETC. (IMPRINT)
Place of publication London
Name of publisher Theosophical Publishing House
Year of publication 1984
300 ## - PHYSICAL DESCRIPTION
Number of Pages 173p
500 ## - GENERAL NOTE
General note includes index and biblioraphy
505 2# - FORMATTED CONTENTS NOTE
Formatted contents note Index
650 ## - SUBJECT ADDED ENTRY--TOPICAL TERM
Topical Term Comparative Religion-God
942 ## - ADDED ENTRY ELEMENTS (KOHA)
Koha item type Books
700 1# -
-- Schuon, Frithjof
Holdings
Collection code Home library Current library Date acquired Cost, normal purchase price Full call number Accession Number Koha item type
  Henry Martyn Institute Library Henry Martyn Institute Library 07/19/2007 365.70 291.211 SCH1 014856 Books
                   Copyright © 2026 | Henry Martyn Institute | Hyderabad | TS-500052 | INDIA | Implemented by hmi.edu.in
Hit-Count:

Powered by Koha